| 000 | 00543nam a22001817a 4500 | ||
|---|---|---|---|
| 008 | 150520b xxu||||| |||| 00| 0 eng d | ||
| 020 | _a0385485573 | ||
| 041 | 0 | _aeng | |
| 080 | _a616-036.22 | ||
| 100 | 1 | _aPeters, C. J. | |
| 245 | 1 | 0 |
_aVirus hunter : _cC.J. Peters and Mark Olshaker. |
| 250 | _a1st Anchor Books ed. | ||
| 260 |
_aNew York : _bAnchor Books, _c1997. |
||
| 300 |
_a323 f. : _bme il.; _c25 cm. |
||
| 650 | 0 | _aEpidemiologjia | |
| 700 | 1 | _aOlshaker, Mark, | |
| 942 |
_2udc _cBK |
||
| 999 |
_c863 _d863 |
||